| 000 | 00573nam a2200157Ia 4500 | ||
|---|---|---|---|
| 008 | 210716s2018 xx 000 0 und d | ||
| 020 | _a9781788399784 | ||
| 041 | _aeng | ||
| 082 | _a658.421 SOMD | ||
| 100 | _aSomani, Deepesh; Rana, Nishant. | ||
| 245 |
_aDynamics 365 application development: master professional level CRM application development for microsoft dynamics 365. _bMaster professional level CRM application development for microsoft dynamics 365. |
||
| 250 | _a1 | ||
| 260 |
_aMumbai _bPackt Publishing Ltd _c2018 |
||
| 300 | _av,404 | ||
| 650 | _aERP & SAP | ||
| 999 |
_c196560 _d196560 |
||